Senzibilita spotrebiteľa na vybrané formy mediálnej komunikácie

Spotrebiteľské správanie - charakteristika a zmeny v spotrebiteľskom správaní. Výskum zameraný na poznanie preferencií slovenského spotrebiteľa. Hlavný zdroj informácií v procese nákupného rozhodovania. Hlavný zdroj informácií z hľadiska vekovej štruktúry. Dôveryhodnosť informačných zdrojov.

Salvato in:
Dettagli Bibliografici
Autore principale: Fašiang, Tomáš
Altri autori: Ružička, Tomáš, 1991-
Natura: Capitolo di libro
Lingua:slovacco
Soggetti:
Tags: Aggiungi Tag
Nessun Tag, puoi essere il primo ad aggiungerne!!

MARC

LEADER 00000naa$a2200000$$$4500
001 0241384
005 20240502073929.9
041 0 |a slo 
044 |a SK 
245 1 0 |a Senzibilita spotrebiteľa na vybrané formy mediálnej komunikácie  |c Tomáš Fašiang, Tomáš Ružička 
520 |a Spotrebiteľské správanie - charakteristika a zmeny v spotrebiteľskom správaní. Výskum zameraný na poznanie preferencií slovenského spotrebiteľa. Hlavný zdroj informácií v procese nákupného rozhodovania. Hlavný zdroj informácií z hľadiska vekovej štruktúry. Dôveryhodnosť informačných zdrojov. 
610 2 0 |a spotrebitelia 
610 2 0 |a správanie spotrebiteľa 
610 2 0 |a rozhodovanie nákupné 
610 2 0 |a zdroje informácií 
610 2 0 |a médiá 
100 1 |a Fašiang, Tomáš 
700 1 |a Ružička, Tomáš, 1991-